Statistics for All F1 Team Principals 2021

Click here to take the quiz!

General Stats

  • This quiz has been taken 39 times
  • The average score is 6 of 10

Answer Stats

HintAnswer% Correct
MercedesToto Wolff
100%
Red BullChristian Horner
94%
FerrariMattia Binotto
77%
AlphaTauriFranz Tost
66%
HAASGunther Steiner
66%
Aston MartinOtmar Szafnauer
46%
McLarenAndreas Seidl
40%
WilliamsJost Capito
31%
Alfa RomeoFred Vasseur
29%
AlpineLaurent Rossi
3%

Score Distribution

Percentile by Number Answered

Percent of People with Each Score

Your Score History

You have not taken this quiz